| 000 | 00470nam a2200145 a 4500 | ||
|---|---|---|---|
| 001 | 000040692 | ||
| 005 | 20201002034316.0 | ||
| 008 | 130905s2012 dr c 000 0 spa d | ||
| 020 | _a9789945492002 | ||
| 040 |
_aDO-SdBNP _bspa _cBNPHU |
||
| 082 |
_axxx _bxxx |
||
| 245 | 0 | 0 |
_aNanocuentos : _bprimer y segundo concurso de minificción ciudad del Ozama 2010 y 2011. |
| 260 |
_aSanto Domingo, : _bMinisterio de Cultura _bNacional, _c2012. |
||
| 300 |
_a78 pl. : _bretr. ; _c22 cm. |
||
| 999 |
_c40182 _d40182 |
||